000 00266nam a22001097a 4500
008 170112b xxu||||| |||| 00| 0 eng d
020 _a0874342600
041 _aeng
080 _a618.2
245 _aILLUSTRATED MANUAL OF NURSING PRACTICE
_cSTANLEY, L
942 _2udc
_cBK
999 _c2798
_d2798